Foundations of functional analysis

Wedi'i Gadw mewn:
Manylion Llyfryddiaeth
Prif Awdur: Ponnusamy, S.
Fformat: Llyfr
Iaith:Undetermined
Cyhoeddwyd: Pangbourne, England Alpha Science International Ltd. 2002
Pynciau:
Tagiau: Ychwanegu Tag
Dim Tagiau, Byddwch y cyntaf i dagio'r cofnod hwn!
Thư viện lưu trữ: Trung tâm Học liệu Trường Đại học Cần Thơ
LEADER 00546nam a2200193Ia 4500
001 CTU_128294
008 210402s9999 xx 000 0 und d
020 |c 1081000 
082 |a 515.7 
082 |b P797 
100 |a Ponnusamy, S. 
245 0 |a Foundations of functional analysis 
245 0 |c S. Ponnusamy 
260 |a Pangbourne, England 
260 |b Alpha Science International Ltd. 
260 |c 2002 
650 |a Functional analysis.,Giải tích hàm 
904 |i Minh 
980 |a Trung tâm Học liệu Trường Đại học Cần Thơ